000 00903nam a22002777a 4500
999 _c33423
_d33423
001 2627
003 CO-MdFUSB
005 20171117113200.0
008 171117t2000 sp ||||| |||| 00| 0 spa d
020 _a84-301-1370-3
040 _aCO-MdFUSB
_bspa
_cCO-MdFUSB
_dCO-MdFUSBC
_erda
041 0 _aspa
082 0 4 _aG 226 B939h
100 1 _aBultmann, Rudolf (1884-1976)
_eautor
245 0 _aHistoria de la tradición sinoptica
_c/ Rudolf Bultmann ; Constantino Ruíz, Traductor
264 4 _aSalamanca, España :
_b Sígueme,
_c©2000
300 _a493 Pag
336 _2rdacontent
_atexto
_btxt
337 _2rdamedia
_asin mediación
_bn
338 _2rdacarrier
_avolumen
_bnc
500 _aTítulo original : Die geschichte der synoptischen tradition
653 _aBiblia N.T. - Evangelios sinópticos
653 _aCrítica de las formas
653 _aBultmann, Rudolf,1884-1976
942 _cBK